[Event "Kiev Spring op"]
[Site "Kiev"]
[Date "2023.03.27"]
[Round "4"]
[White "Karvatskyi, Oleksii"]
[Black "Klymenko, Volodymyr"]
[Result "1-0"]
[WhiteElo "2121"]
[BlackElo "1550"]
[PlyCount "83"]
[EventDate "2023.03.25"]
[EventType "swiss"]
[EventRounds "9"]
[EventCountry "UKR"]
[SourceTitle "EXT 2024"]
[Source "ChessBase"]
[SourceDate "2023.10.10"]
[SourceVersion "1"]
[SourceVersionDate "2023.10.10"]
[SourceQuality "1"]

1. d4 Nf6 2. Nc3 d5 3. Bf4 a6 4. e3 e6 5. Nf3 Bd6 6. Ne5 Nbd7 7. Qf3 Qe7 8. Bd3 c5 9. Nxd7 Bxd7 10. 0-0 Bxf4 11. Qxf4 0-0 12. Rad1 cxd4 13. exd4 Qb4 14. Qc1 Rfc8 15. Ne2 Bb5 16. Bxb5 Qxb5 17. Nf4 Qa4 18. c3 Qxa2 19. Rd3 Qa4 20. Rg3 Qe8 21. Nd3 Qf8 22. Re1 b5 23. f3 Nd7 24. Qg5 g6 25. h4 Qd8 26. Qh6 Qf6 27. h5 Re8 28. hxg6 hxg6 29. Nf4 Qh8 30. Qg5 Qf6 31. Qg4 b4 32. Nh5 Qf5 33. Qh4 bxc3 34. bxc3 e5 35. Rg5 Qe6 36. dxe5 Nxe5 37. Rgxe5 Qxe5 38. Rxe5 Rxe5 39. Nf6+ Kg7 40. Qd4 Re6 41. Nxd5+ Kf8 42. Qh8# 1-0

[Event "Elitzur Int Online"]
[Site "Chess.com INT"]
[Date "2020.11.01"]
[Round "2"]
[White "Klymenko, Volodymyr"]
[Black "Sidletskiy, Ivan"]
[Result "0-1"]
[WhiteElo "1510"]
[BlackElo "2109"]
[PlyCount "52"]
[EventDate "2020.11.01"]
[EventType "swiss (blitz)"]
[EventRounds "11"]
[EventCountry "ISR"]
[SourceTitle "CBM 199 Extra"]
[Source "ChessBase"]
[SourceDate "2021.01.31"]
[SourceVersion "1"]
[SourceVersionDate "2021.01.31"]
[SourceQuality "1"]

1. e4 c5 2. Nf3 Nc6 3. Bb5 g6 4. 0-0 Bg7 5. c3 e5 6. d3 Nge7 7. Be3 d6 8. d4 exd4 9. cxd4 0-0 10. Nc3 Qb6 11. Rb1 cxd4 12. Bxc6 dxe3 13. Ba4 exf2+ 14. Rxf2 Bg4 15. Qd3 Bxf3 16. Qxf3 Bd4 17. Rbf1 Bxf2+ 18. Rxf2 Qd4 19. Bb3 Kg7 20. Ne2 Qe5 21. Bxf7 Nc6 22. Qb3 Rab8 23. Nf4 Nd4 24. Qc4 Rbc8 25. Ne6+ Nxe6 26. Qxe6 Qxe6 0-1

[Event "Wch U10 blitz"]
[Site "Minsk"]
[Date "2018.06.24"]
[Round "9"]
[White "Klymenko, Volodymyr"]
[Black "Rudnev, Andrei"]
[Result "1/2-1/2"]
[WhiteElo "1568"]
[BlackElo "1255"]
[PlyCount "110"]
[EventDate "2018.06.24"]
[EventType "swiss (blitz)"]
[EventRounds "9"]
[EventCountry "BLR"]
[SourceTitle "EXT 2019"]
[Source "ChessBase"]
[SourceDate "2018.10.10"]
[SourceVersion "1"]
[SourceVersionDate "2018.10.10"]
[SourceQuality "1"]

1. Nf3 Nf6 2. g3 g6 3. Bg2 Bg7 4. d3 0-0 5. 0-0 d6 6. Nbd2 e5 7. e4 Nc6 8. Ne1 Ne8 9. f4 f5 10. fxe5 dxe5 11. exf5 Bxf5 12. Nef3 Nf6 13. Nc4 Nd5 14. Bg5 Qd7 15. Qd2 b5 16. Ne3 Nxe3 17. Qxe3 Rae8 18. Rae1 e4 19. dxe4 Rxe4 20. Qc5 Nd4 21. c3 Nxf3+ 22. Bxf3 Ree8 23. Qd5+ Qxd5 24. Bxd5+ Kh8 25. Bc6 Rxe1 26. Rxe1 Bd3 27. Bf4 h6 28. Re8 Rxe8 29. Bxe8 Kh7 30. Bxc7 Bf6 31. Bc6 Bg5 32. Bf4 Be7 33. Kf2 Kg7 34. Be5+ Kf7 35. Bd5+ Ke8 36. Bd4 a6 37. Ke3 Bf5 38. Kf4 Kd7 39. g4 Bd6+ 40. Kf3 Be6 41. Bxe6+ Kxe6 42. Be3 Bxh2 43. Bxh6 Be5 44. Bf4 Bf6 45. Be3 Be5 46. Ke2 Kd5 47. Kd3 Bd6 48. Bd4 Bf4 49. Be3 Be5 50. b3 Bd6 51. c4+ bxc4+ 52. bxc4+ Kc6 53. Ke4 Bc7 54. g5 a5 55. a4 Bb8 1/2-1/2